书目信息 |
| 题名: |
战胜CorelDRAW必做练习50题
|
|
| 作者: | 张石勇 编著 | |
| 分册: | ||
| 出版信息: | 北京 北京大学出版社 2001.11 |
|
| 页数: | 271页 | |
| 开本: | 26cm | |
| 丛书名: | ||
| 单 册: | ||
| 中图分类: | TP391.41-44 | |
| 科图分类: | ||
| 主题词: | 计算机应用 | |
| 电子资源: | ||
| ISBN: | 7-900636-64-1 | |
| 000 | 00586nam0 2200193 45 | |
| 001 | 8057889783 | |
| 005 | 1980010416044916 | |
| 010 | @a7-900636-64-1@dRMB 31.00 | |
| 100 | @a19800104d2001 km y0chiy0120 ea | |
| 101 | 0 | @achi |
| 102 | @aCN@b110000 | |
| 200 | 1 | @a战胜CorelDRAW必做练习50题@AZhan Sheng CorelDRAW Bi Zuo Lian Xi 50 Ti@f张石勇编著@FZhang Shi Yong Bian Zhu |
| 210 | @a北京@c北京大学出版社@d2001.11 | |
| 215 | @a271页@d26cm | |
| 606 | 0 | @a计算机应用 |
| 690 | @aTP391.41-44@v3 | |
| 701 | 0 | @a张石勇@AZhang Shi Yong@4编著 |
| 801 | 0 | @aCN@bPFT@c19800104 |
| 905 | @dTP391.41-44@eZ178 | |
| 战胜CorelDRAW必做练习50题/张石勇编著.-北京:北京大学出版社,2001.11 |
| 271页;26cm |
| ISBN 7-900636-64-1:RMB 31.00 |
| ● |
| 相关链接 |
|
|
|
正题名:战胜CorelDRAW必做练习50题
索取号:TP391.41-44/Z178
 
预约/预借
| 序号 | 登录号 | 条形码 | 馆藏地/架位号 | 状态 | 备注 |
| 1 | 354703 | 203547037 | 自科二线504/504自科库 4排3列4层/ [索取号:TP391.41-44/Z178] | 在馆 | |
| 2 | 354704 | 203547046 | 自科二线504/504自科库 4排3列4层/ [索取号:TP391.41-44/Z178] | 在馆 |